Every Gunna Song on the Billboard Hot 100 - Statistics

General Stats
  • This quiz has been taken 168 times
    72 since last reset
  • The average score is 9 of 44
Answer Stats
# Year Song % Correct
4 2018 Drip Too Hard (Lil Baby)
73%
38 2020 Dollaz On My Head ft. Young Thug
47%
57 2020 Wunna
47%
11 2019 Hot (Young Thug)
44%
6 2020 Lemonade (Internet Money) ft. Don Toliver & NAV
39%
18 2021 Ski (Young Thug)
33%
65 2020 SKYBOX
33%
15 2018 Never Recover (Lil Baby) ft. Drake
30%
70 2020 Met Gala
27%
12 2021 Solid (Gunna) ft. Drake
27%
51 2018 Space Cadet (Metro Boomin)
27%
74 2019 3 Headed Snake ft. Young Thug
25%
41 2020 Cooler Than A Bitch ft. Roddy Ricch
23%
67 2020 Argentina
22%
59 2020 Blindfold ft. Lil Baby
22%
36 2019 Heat (Chris Brown)
19%
56 2019 One Call
19%
78 2020 Nasty Girl / On Camera
17%
91 2019 Speed It Up
17%
55 2020 Top Floor ft. Travis Scott
17%
74 2018 Life Goes On (Lil Baby) ft. Lil Uzi Vert
16%
17 2020 Turks (NAV & Travis Scott)
16%
54 2018 Off White VLONE (Lil Baby) ft. Lil Durk & NAV
14%
70 2019 Outstanding
14%
56 2020 Start Wit Me (Roddy Ricch)
14%
46 2021 Diamonds Dancing (Young Thug) ft. Travis Scott
13%
18 2020 Heatin Up (Lil Baby)
13%
84 2020 MOTW
13%
99 2021 Slatty (Young Thug) ft. Yak Gotti & Lil Duke
13%
62 2019 Stuck In A Dream (Lil Mosey)
13%
61 2019 Surf (Young Thug)
13%
78 2018 Chanel (Go Get It) (Young Thug) ft. Lil Baby
11%
86 2020 Gimmick
11%
98 2020 Feigning
9%
98 2018 I Am (Lil Baby)
9%
97 2019 Same Yung Nigga ft. Playboi Carti
9%
75 2019 Wit It
9%
80 2018 Belly (Lil Baby)
8%
61 2018 Business Is Business (Lil Baby)
8%
77 2021 Paid The Fine (Young Thug) ft. Lil Baby & YTB Trench
8%
84 2020 Young Wheezy (NAV)
8%
23 2020 Numbers (A Boogie Wit da Hoodie) ft. Roddy Ricch & London On Da Track
6%
66 2018 Ready (Lil Baby)
5%
60 2020 Strawberry Peels (Lil Uzi Vert) ft. Young Thug
5%
No matching quizzes found
Score Distribution
Percent of People with Each Score
Percentile by Number Answered
Your Score History
You have not taken this quiz since the last reset